000 01017cam a22002054a 4500
005 20250605163920.0
008 250528s ||||||||||||||||||||||||d
035 _a14369
020 _a70545154
040 _aGR-AtMCL
_bgre
_dGR-AtMCL
_eAACR2
245 1 _aTheory and Problems of Microeconomic Theory / Third Edition
250 _a3rd
260 _bMcgraw Hill, Inc,
_c1992
300 _a368
520 _aIntroduction, Demand and Supply and Equilibrium: An Overview, The Measurement of Elasticities, Consumer Demand Theory, Advanced Topics in Consumer Demand Theory, Theory of Production, Costs of Production, Advanced Topics in Production Theory, Price and Output under Perfect Competition, Price and Output under Pure Monopoly, Price and Output under Monopolistic Competition and Oligopoly, Recent and Advanced Topics in Market Structure, Input Pricing and Employment, General Equilibrium and Welfare Economics, Index.
700 1 _aSalvatore Dominick
_94
942 _cBK
999 _c4
_d4